000
00285nmm a2200097Ia 4500
008
220120s9999||||xx |||||||||||||||||und||
082
_a
621.3815 LUD
100
_a
Ludwig, Reinhold Bretchko, Pavel
_9
3057
245
0
_a
RF circuit design: theory and applications
260
_b
New Delhi
_c
2002
999
_c
138893
_d
138893